000 00687nam a2200253Ia 4500
003 OSt
005 20221006142500.0
006 a|||||r|||| 00| 0
007 ta
008 221006b |||||||| |||| 00| 0 eng d
024 _a6,447
037 _cTextual
040 _aEASL
_cEASL
_beng
041 _2eng
_aeng
082 _aY.41.N4, L6
100 _aLEANG-LI Tang
_9647808
245 0 _aNew social order in China
260 _aShanghai
_bChina United Press
_c1976
300 _a282p.
_ccm.
490 _v CEL
700 _a WANG Joseph En-Pao Ed.
_9647809
942 _hY.41.N4, L6
_cTEXL
_2CC
999 _c1074533
_d1074533